000 00718nam a2200253 a 4500
001 BRCA_5525
005 20190320205121.0
008 040211s1896----gw-a######---#000-0#ger-#
041 _ager
044 _agw
050 4 _aND813.M8
_b.K52 1
_c1896
100 1 _aKnackfuss, H.
_913362
245 1 0 _aMurillo
_cH. Knackfuss
260 _aBielefeld, Alemania
_bVelhagen & Klasing
_c1896
300 _a76 p.
_bil., 56 láminas
_c26 cm.
440 0 _aKunstler Monographien
_v10
_913466
500 _aEdición con cantos dorados
500 _aEjemplar igual a E122
500 _aE121
600 1 4 _aMurillo, Bartolome Esteban
_d1617-1682
_913827
650 1 4 _aPintores españoles
_97620
902 _aGFM
942 _2lcc
_cB
999 _c5219
_d5219